Grassland mapping project, Gujarat using remote sensing and GIS techniques : Amreli District (Record no. 604597)

MARC details
000 -LEADER
fixed length control field 00625nam a2200145Ia 4500
008 - FIXED-LENGTH DATA ELEMENTS--GENERAL INFORMATION
fixed length control field 100415s9999 xx 000 0 und d
082 ## - DEWEY DECIMAL CLASSIFICATION NUMBER
Item number 21715
Classification number 574.52643(5475)
100 ## - MAIN ENTRY--PERSONAL NAME
Personal name FORESTRY AND ENVIRONMENT DIVIS
245 ## - TITLE STATEMENT
Title Grassland mapping project, Gujarat using remote sensing and GIS techniques : Amreli District
260 ## - PUBLICATION, DISTRIBUTION, ETC. (IMPRINT)
Place of publication, distribution, etc VARODARA
Date of publication, distribution, etc 2002
Name of publisher, distributor, etc DEPARTMENT OF BOTANY, M.S. UNI
365 ## - TRADE PRICE
Price amount 1
630 ## - SUBJECT ADDED ENTRY--UNIFORM TITLE
Uniform title Grassland mapping project, Gujarat using remote sensing and GIS techniques : Amreli District
730 ## - ADDED ENTRY--UNIFORM TITLE
Uniform title Grassland mapping project, Gujarat using remote sensing and GIS techniques : Amreli District
942 ## - ADDED ENTRY ELEMENTS (KOHA)
Koha item type Book
Holdings
Withdrawn status Lost status Damaged status Not for loan Home library Current library Date acquired Cost, normal purchase price Total Checkouts Full call number Barcode Date last seen Price effective from Koha item type
        Bombay Natural History Society Bombay Natural History Society 03/03/2006 1.00   574.52643(5475) 21715 BNHS-21715 04/15/2010 04/15/2010 Book